000 00469nam a2200169Ia 4500
999 _c29353
_d29353
003 OSt
005 20210107111852.0
008 190216s9999||||xx |||||||||||||| ||und||
040 _coclc
082 _a150
_bSAN/M
100 _aSanthakumar, S
_98216
245 0 _aManasinte Niyanthranam /
_cS Santhakumar
260 _bManolokam Group,
_aKozhikode:
_c2004.
300 _a162p
650 _aMalayalam
942 _cBK
_2ddc
_h150
_iSAN/M
_k150
_mSAN/M